[Event "Augustow op"]
[Site "Augustow"]
[Date "2004.??.??"]
[Round "3"]
[White "Filipkowska, Joanna"]
[Black "Gryglas, Kamil"]
[Result "0-1"]
[WhiteElo "1250"]
[BlackElo "1400"]
[PlyCount "57"]
[EventDate "2004.08.??"]
[EventType "swiss"]
[EventRounds "9"]
[EventCountry "POL"]
[SourceTitle "EXT 2008"]
[Source "ChessBase"]
[SourceDate "2007.11.25"]
[SourceVersion "1"]
[SourceVersionDate "2007.11.25"]
[SourceQuality "1"]

1. e4 e5 2. Nf3 Nc6 3. Bb5 Bc5 4. 0-0 Nf6 5. Nc3 a6 6. Bxc6 dxc6 7. Nxe5 Qe7 8. Nd3 Bd4 9. Ne2 Qxe4 10. Re1 0-0 11. Nxd4 Qxd4 12. Re3 Qg4 13. f3 Qg6 14. Ne5 Qg5 15. Qf1 Bh3 16. f4 Bxg2 17. Qf2 Qh6 18. Qxg2 Qxf4 19. Nd3 Qf5 20. Rf3 Qd5 21. Nf4 Qe4 22. d3 Qe1+ 23. Rf1 Qh4 24. Kh1 Qg4 25. Qd2 g6 26. Rg1 Qf3+ 27. Rg2 Rfe8 28. Qc3 Ng4 29. h3 0-1